Jugadores de la era Gallardo - Estadísticas

Estadísticas generales
  • Esta prueba ha sido intentada 69 veces
  • La puntuación promedio es 53 de 122
Estadísticas de respuestas
Partidos Goles Nacionalidad Nombre % Correcto
207 0 Argentina Franco Armani
95%
195 6 Argentina Enzo Pérez
87%
186 31 Argentina Ignacio Fernandez
87%
53 12 Argentina Enzo Fernández
85%
122 54 Argentina Julián Álvarez
85%
109 26 Argentina Lucas Pratto
82%
149 55 Colombia Rafael Santos Borre
82%
145 8 Argentina Javier Pinola
79%
189 4 Argentina Jonatan Maidana
79%
213 2 Argentina Leonardo Ponzio
79%
94 0 Argentina Marcelo Barovero
79%
230 5 Argentina Milton Casco
79%
175 29 Uruguay Nicolas De la Cruz
79%
68 18 Uruguay Carlos Sanchez
77%
139 6 Argentina Gonzalo Montiel
77%
96 19 Colombia Juan Fernando Quintero
77%
19 7 Colombia Miguel Borja
74%
57 7 Argentina Ramiro Funes Mori
74%
77 7 Argentina Gabriel Mercado
72%
90 38 Argentina Ignacio Scocco
72%
82 41 Argentina Lucas Alario
72%
99 5 Chile Paulo Diaz
72%
33 13 Argentina Fernando Cavenaghi
69%
29 0 Argentina Germán Lux
69%
73 10 Argentina Leonardo Pisculichi
67%
78 9 Paraguay Robert Rojas
67%
163 35 Argentina Gonzalo Martinez
64%
53 0 Argentina Matias Kranevitter
64%
51 0 Argentina Augusto Batalla
62%
87 10 Argentina Exequiel Palacios
62%
70 1 Argentina Leonel Vangioni
62%
104 6 Argentina Lucas Martinez Quarta
62%
140 34 Uruguay Rodrigo Mora
62%
120 9 Argentina Bruno Zuculini
59%
135 7 Uruguay Camilo Mayada
59%
33 3 Argentina German Pezzella
59%
116 37 Argentina Matias Suárez
59%
39 7 Uruguay Ivan Alonso
56%
81 9 Colombia Jorge Carrascal
54%
40 6 Argentina Lucas Beltrán
54%
103 27 Argentina Sebastian Driussi
54%
39 19 Colombia Teofilo Gutierrez
54%
91 3 Argentina Ariel Rojas
51%
20 2 Ecuador Arturo Mina
51%
41 1 Colombia Eder Alvarez Balanta
51%
16 0 Argentina Javier Saviola
51%
89 11 Argentina Agustín Palavecino
49%
64 4 Argentina Emanuel Mammana
49%
1 0 Argentina Manuel Lanzini
49%
17 8 Argentina Pablo Solari
49%
28 1 Uruguay Tabare Viudez
49%
30 5 Argentina Andres D'Alessandro
46%
20 0 Argentina Ivan Rossi
46%
57 5 Argentina José Paradela
46%
2 0 Argentina Pablo Aimar
46%
64 3 Argentina Santiago Simon
46%
7 0 Argentina Ezequiel Centurión
44%
49 8 Argentina Federico Girotti
44%
58 2 Paraguay Jorge Moreira
44%
19 1 Argentina Leandro González Pirez
44%
30 1 Uruguay Marcelo Saracchi
44%
18 1 Argentina Guido Rodriguez
41%
18 0 Argentina Enrique Bologna
38%
68 4 Argentina Fabrizio Angileri
38%
16 2 España Giovanni Simeone
38%
23 0 Argentina Nicolas Bertolo
38%
47 6 Argentina Cristian Ferreira
36%
43 5 Argentina Esequiel Barco
36%
7 0 Argentina Nahuel Gallardo
36%
24 1 Argentina Nicolas Domingo
36%
39 1 Argentina Augusto Solari
33%
30 1 Argentina Elías Gómez
33%
1 1 Argentina Hernán López Muñoz
33%
14 2 Argentina Marcelo Larrondo
33%
3 0 Argentina Tomás Lecanda
33%
42 4 Argentina Carlos Auzqui
31%
9 0 Argentina Felipe Peña Biafore
31%
19 1 Argentina Joaquin Arzura
31%
1 0 Argentina Martin Aguirre
31%
21 0 Argentina Santiago Sosa
31%
33 0 Argentina Tomas Andrade
31%
17 0 Argentina Tomas Martinez
31%
52 15 Argentina Braian Romero
28%
68 2 Argentina Hector David Martinez
28%
15 0 Argentina Rodrigo Aliendro
28%
3 0 Ecuador Abel Casquete
26%
1 0 Argentina Alan Díaz
26%
7 0 Argentina Bruno Urribarri
26%
1 0 Argentina Federico Andrada
26%
32 2 Argentina Marcelo Herrera
26%
2 1 Argentina Alan Marcel Picazzo
23%
19 0 Argentina Alex Vigo
23%
2 0 Argentina Ezequiel Cirigliano
23%
19 0 Argentina Julio Cesar Chiarini
23%
4 1 Argentina Matias Moya
23%
1 0 Argentina Tomás Castro Ponce
23%
22 1 Argentina Tomás Pochettino
23%
34 1 Argentina Benjamin Rollheiser
21%
4 0 Argentina Kevin Sibille
21%
16 1 Argentina Luciano Lollo
21%
8 0 Argentina Tomás Galván
21%
1 0 Argentina Augusto Aguirre
15%
3 0 Argentina Denis Rodriguez
15%
4 1 Argentina Juan Cruz Kaprof
15%
14 0 Argentina Leandro Vega
15%
31 2 Argentina Luis Oscar Gonzalez
15%
8 0 Argentina Osmar Ferreyra
15%
1 0 Argentina Claudio Salto
13%
37 2 Argentina Lucas Ariel Boye
13%
1 0 Argentina Zacarias Moran Correa
13%
3 0 Argentina Elias Lopez
10%
3 0 Argentina Franco Lopez
10%
1 0 Argentina Maximiliano Velazco
10%
6 0 Argentina Alexander Barboza
8%
15 0 Argentina Cristian Fontana
8%
5 0 Argentina Pablo Carreras
8%
1 0 Argentina Daniel Lucero
5%
1 0 Argentina Franco Paredes
5%
1 0 Argentina Franco Salomoni
5%
1 0 Argentina Lautaro Arellano
5%
10 0 Argentina Luis Olivera
5%
2 0 Argentina Santiago Vera
5%
No se encontraron pruebas coincidentes
Distribución de puntuación
Porcentaje de gente con cada puntuación
Porcentaje por número respondido
Historial de tus puntuaciones
No has intentado esta prueba.